| 000 | 01347cam a2200241 4500 | ||
|---|---|---|---|
| 001 | ABS68407 | ||
| 008 | 041116n2004 000 0 eng u | ||
| 035 | _a(Sirsi) u127990 | ||
| 100 | _aBirkby, G. | ||
| 245 | _aBuying in to EU procurement | ||
| 260 | _c2004 | ||
| 490 |
_aProject _v17(5) October 2004, 21(1) |
||
| 520 | _aExplains how new EU procurement directives must be followed, whether you are the authority or a company hoping to win public sector contracts. The revised regulations, which reflect the changes published on 31 March 2004, are likely to come into force in the UK around January 2006. Meanwhile public authorities are encouraged to comply with the provisions of the new directive (Directive 2004/18/EC), in advance of the regulations themselves. The most important changes concern electronic auctions, dynamic purchasing systems, competitive dialogue, environmental issues, framework agreements and contract award criteria. Concludes some of the provisions are unlikely to improve purchasing procedures, but others may be helpful. | ||
| 590 | _aABS | ||
| 590 | _aABS | ||
| 650 | _aDIRECTIVE 2004/18/EC | ||
| 650 | _aEU PROCUREMENT | ||
| 650 | _aELECTRONIC AUCTIONS | ||
| 650 | _aPFI | ||
| 650 | _aFRAMEWORK AGREEMENTS | ||
| 690 | _aBUILDING AND CONSTRUCTION-PROCUREMENT, PARTNERING, TENDERING | ||
| 942 | _n0 | ||
| 999 |
_c118307 _d118307 |
||